|
|
|
|
| LEADER |
00000naa2a2200000 4500 |
| 001 |
624352 |
| 005 |
20250512100130.0 |
| 035 |
|
|
|a (RuTPU)RU\TPU\conf\23612
|
| 035 |
|
|
|a RU\TPU\conf\23610
|
| 090 |
|
|
|a 624352
|
| 100 |
|
|
|a 20171121d2017 k y0rusy50 ca
|
| 101 |
0 |
|
|a rus
|
| 102 |
|
|
|a RU
|
| 105 |
|
|
|a y z 101zy
|
| 135 |
|
|
|a drgn ---uucaa
|
| 181 |
|
0 |
|a i
|
| 182 |
|
0 |
|a b
|
| 200 |
1 |
|
|a Особенности формирования изотопных кластеров в твердом теле и их влияние свойства материалов
|f Д. М. Хорохорин [и др.]
|g науч. рук. В. А. Хан
|
| 203 |
|
|
|a Текст
|c электронный
|
| 225 |
1 |
|
|a Применение изотопов в фундаментальных, прикладных физико-химических исследованиях и медицине. Получение изотопно-модифицированных материалов
|
| 300 |
|
|
|a Заглавие с экрана
|
| 320 |
|
|
|a [Библиогр.: с. 52 (7 назв.)]
|
| 463 |
|
0 |
|0 (RuTPU)RU\TPU\conf\23567
|t Изотопы: технологии, материалы и применение
|o материалы IV Международной научной конференции молодых ученых, аспирантов и студентов, г. Томск, 30 октября - 3 ноября 2017 г.
|f Национальный исследовательский Томский политехнический университет (ТПУ)
|v [С. 52]
|d 2017
|
| 610 |
1 |
|
|a электронный ресурс
|
| 610 |
1 |
|
|a изотопы
|
| 610 |
1 |
|
|a кластеры
|
| 610 |
1 |
|
|a твердые тела
|
| 610 |
1 |
|
|a свойства
|
| 610 |
1 |
|
|a материалы
|
| 610 |
1 |
|
|a ядерные энергетические установки
|
| 610 |
1 |
|
|a материаловедение
|
| 610 |
1 |
|
|a труды учёных ТПУ
|
| 701 |
|
1 |
|a Хорохорин
|b Д. М.
|
| 701 |
|
1 |
|a Загузин
|b И. Ю.
|
| 701 |
|
1 |
|a Юрьев
|b П. А.
|
| 701 |
|
1 |
|a Леонтьева
|b Д. А.
|
| 702 |
|
1 |
|a Хан
|b В. А.
|c физик
|c доцент Томского политехнического университета, доктор технических наук
|f 1952-
|g Валерий Алексеевич
|4 727
|
| 712 |
0 |
2 |
|a Национальный исследовательский Томский политехнический университет
|c (2009- )
|9 26305
|
| 801 |
|
2 |
|a RU
|b 63413507
|c 20171123
|g RCR
|
| 850 |
|
|
|a 63413507
|
| 856 |
4 |
|
|u http://earchive.tpu.ru/handle/11683/44108
|
| 942 |
|
|
|c BK
|